Estadísticas para Nombres más comunes en España

Haz click aquí para intentar la prueba.

Estadísticas generales

  • Esta prueba ha sido intentada 853 veces
  • La puntuación promedio es 26 de 40

Estadísticas de respuestas

nombre% Correcto
María
99%
José
96%
Juan
95%
Carmen
88%
Antonio
87%
Luis
87%
Francisco
86%
Carlos
83%
Ana
81%
Daniel
78%
Manuel
77%
Javier
76%
Pablo
76%
Laura
74%
Fernando
72%
David
70%
Paula
70%
Pedro
67%
Lucía
66%
Miguel
65%
Dolores
62%
Ángel
60%
Teresa
60%
Alejandro
59%
Isabel
59%
Sara
57%
Jorge
56%
Luisa
56%
Marta
55%
Sergio
54%
Pilar
52%
Jesús
48%
Elena
47%
Josefa
47%
Antonia
46%
Francisca
46%
Cristina
41%
Angeles
26%
Concepción
22%
Rafael
21%

Distribución de puntuación

Porcentaje por número respondido

Porcentaje de gente con cada puntuación

Historial de tus puntuaciones

No has intentado esta prueba.